1000 zcela legálních daňových triků : Pro každého, kdo z neznalosti platí daňovým úřadúm víc, než musí /

Salvato in:
Dettagli Bibliografici
Autore principale: Konz, Franz (Autore)
Natura: Libro
Lingua:ceco
Pubblicazione: Praha : Galaxie, 1992
Edizione:1.vyd.
Serie:Edice: Planeta
Soggetti:
Tags: Aggiungi Tag
Nessun Tag, puoi essere il primo ad aggiungerne!!

MARC

LEADER 00000nam a22000003a 4500
001 stu2539
005 20150617225616.4
008 921118s1992----cs------------------cze-d
020 |a 80-85 204-12-X 
040 |a STU  |b slo 
041 0 |a cze 
044 |a cs 
080 |a 336.2.04 
100 1 |a Konz, Franz  |4 aut 
245 1 |a 1000 zcela legálních daňových triků :  |b Pro každého, kdo z neznalosti platí daňovým úřadúm víc, než musí /  |c [aut.] Konz,Franz 
250 |a 1.vyd. 
260 |a Praha :  |b Galaxie,  |c 1992 
300 |a 570 s 
650 7 |a dane  |2 stusub 
830 0 |a Edice: Planeta 
996 |b E77447  |c R*77447  |l RRUM  |s A  |a 24  |w stu2539_0001 
996 |b 284EK08698  |c E*78300  |l EE01  |s A  |a 24  |w stu2539_0002